| 000 | 01360cam a22003615a 4500 | ||
|---|---|---|---|
| 001 | 15540865 | ||
| 003 | EG-ScBUE | ||
| 005 | 20220628123146.0 | ||
| 006 | m||||fq||h 00| 0 | ||
| 008 | 081202r20142009enka f b 001 0 eng d | ||
| 020 | _a9780521717403 | ||
| 040 |
_aDLC _beng _erda _cDLC _dDLC _dEG-ScBUE _dEG-ScBUE |
||
| 082 | 0 | 4 |
_a421.5 _222 _bROA |
| 100 | 1 |
_aRoach, Peter _q(Peter John) _eauthor. |
|
| 245 | 1 | 0 |
_aEnglish phonetics and phonology : _ba practical course / _cPeter Roach, emeritus professor of phonetics, University of Reading. |
| 250 |
_aFourth edition, _bseventh printing. |
||
| 264 | 1 |
_aCambridge, United Kingdom : _bCambridge University Press, _c2014. |
|
| 300 |
_axi, 231 pages : _billustrations (some color) ; _c26 cm + _e2 CD |
||
| 336 |
_2rdacontent _atext _btxt |
||
| 336 |
_2rdacontent _asounds _bsnd |
||
| 337 |
_2rdamedia _aunmediated _bn |
||
| 337 |
_2rdamedia _aaudio _bs |
||
| 338 |
_2rdacarrier _avolume _bnc |
||
| 338 |
_2rdacarrier _acomputer disc _bcd |
||
| 504 | _aIncludes bibliographical references and index. | ||
| 650 | 7 |
_aEnglish language _xPhonetics. _2BUEsh _936076 |
|
| 650 | 0 |
_aEnglish language _xPhonology. _2BUEsh |
|
| 650 | 7 |
_aEnglish language _xstudy and teaching for foreign speakers. _2BUEsh _920543 |
|
| 651 | _2BUEsh | ||
| 653 |
_cOctober2016 _cNovember2016 |
||
| 655 |
_vReading book _934232 |
||
| 942 |
_2ddc _cBB |
||
| 999 |
_c22599 _d22571 |
||